00370nam a2200145Ia 450000100060000000800410000602000070004704000130005408200180006710000200008524500490010526000520015430000110020654600070021740448140423s9999 xx 000 0 und d aNA cPK-LaUMT a 297.4bISH-R aIshaq, Muhammad aRajam shari saza hay (Urdu)cIshaq, Muhammad aLahore,Pakistan:bIdara-e-Ishata-e-Islam,c2005 a112 p. aUR